00377nam a2200145Ia 4500003000900000005001700009008004100026040001300067040001300080245009300093245001100186260002000197300000800217490000600225IT-RoPAU20220918175445.0120407s9999 xx 000 0 und d aIT-RoPAU cIT-RoPAU aIl laicato cattolico dei paesi di missione. Atti seconda settimana studi missionari 1961 cAA.VV. aVita e Pensiero c cm v1